000 00982nam a2200265Ia 4500
001 18192
003 GE_BSU
008 181216s||||||||xx |||||||||||||| ||und||
020 _a978994097838
040 _cGE_BSU
080 _a811.111(072)
100 _aბუკია,ტატიანა., უოტსონი,ბარი.
245 _aNew 2000 Plus ინგლისური ენა. 3 კლ.
245 _bდაწყებითი კლასებისთვის. მასწავლებლის წიგნი
245 _cმხატვ. სოფა კინწურაშვილი
250 _aI-ლი გამოც.
260 _aთბილისი
260 _bოცდამეერთე
260 _c2007
300 _a40გვ. ; 29სმ..
541 _h6ლ.
653 _aინგლისური ენა
653 _aმეთოდური სახელმძღვანელო;
942 _cBK
999 _c51232
_d51232